书目信息 |
| 题名: |
黄河新歌
|
|
| 作者: | ;中央人民广播电台祖国各地组 , 科学普及出版社编辑部 | |
| 分册: | ||
| 出版信息: | 北京 科学普及出版社 1982.06 |
|
| 页数: | 75页 | |
| 开本: | 20cm | |
| 丛书名: | ||
| 单 册: | ||
| 中图分类: | K928.42 | |
| 科图分类: | ||
| 主题词: | 地理--中国 | |
| 电子资源: | ||
| ISBN: | ||
| 000 | 00765nam0 2200205 45 | |
| 001 | 0405121621 | |
| 005 | 20060802084744.18 | |
| 010 | @dCNY0.24 | |
| 091 | @a12051.1002 | |
| 100 | @a20040512d1982 km y0chiy0120 ea | |
| 101 | 0 | @achi |
| 200 | 1 | @a黄河新歌@AHuang He Xin Ge@f中央人民广播电台祖国各地组,科学普及出版社编辑部编@FZhong Yang Ren Min Guang Bo Dian Tai Zu Guo Ge Di Zu,Ke Xue Pu Ji Chu Ban She Bian Ji Bu Bian |
| 210 | @a北京@c科学普及出版社@d1982.06 | |
| 215 | @a75页@d20cm | |
| 606 | 0 | @a地理@x中国 |
| 690 | @aK928.42@v3 | |
| 711 | 02 | @a中央人民广播电台祖国各地组@AZhong Yang Ren Min Guang Bo Dian Tai Zu Guo Ge Di Zu |
| 711 | 02 | @a科学普及出版社编辑部@AKe Xue Pu Ji Chu Ban She Bian Ji Bu |
| 801 | @aCN@bTSTCL@c20060802 | |
| 905 | @f1@b175134@dK928.42@e122 | |
| 黄河新歌/中央人民广播电台祖国各地组,科学普及出版社编辑部编.-北京:科学普及出版社,1982.06 |
| 75页;20cm |
| ISBN :CNY0.24 |
| ● |
| 相关链接 |
|
|
|
|
正题名:黄河新歌
索取号:K928.42/122
 
预约/预借
| 序号 | 登录号 | 条形码 | 馆藏地/架位号 | 状态 | 备注 |
| 1 | 0175134 | 000080664 | 第二借阅区/ [索取号:K928.42/122] | 在馆 | |
| 2 | 0175135 | 202204603 | 密集书库/ [索取号:K928.42/122] | 在馆 | |
| 3 | 0175136 | 000080655 | 第二样本阅览室/ [索取号:K928.42/122] | 在馆 | |
| 4 | 0443987 | 204439875 | 密集书库/ [索取号:K928.42/122] | 在馆 | |
| 5 | 0443988 | 204439884 | 密集书库/ [索取号:K928.42/122] | 在馆 | |
| 6 | 0443989 | 204439893 | 密集书库/ [索取号:K928.42/122] | 在馆 | |
| 7 | 0444185 | 204441853 | 密集书库/ [索取号:K928.42/122] | 在馆 |